000 00569nam a22001937a 4500
003 OSt
005 20140310182212.0
008 130906t xxu||||| |||| 00| 0 eng d
020 _a0395537800
050 _aTX 979.4
_b Ar728 1991
082 _aHS 979.40712
_bOh1 1999
100 _aArmento, Beverly;
_916828
245 _aOh, California.
260 _aBoston :
_bHoughton Mifflin Company
_c, c1991.
300 _axvii, 350 p. :
_bcol. ill., maps ;
_c31 cm.
650 _aCalifornia
_xHistory
_zJuvenile Literature.
_916829
942 _2lcc
_cHS
999 _c10499
_d10499